[Event "Titled Tuesday intern op 06th Feb Early"]
[Site "Chess.com INT"]
[Date "2024.02.06"]
[Round "4"]
[White "Chayka, Vitaliy"]
[Black "Aldokhin, Ivan"]
[Result "1-0"]
[WhiteElo "2102"]
[BlackElo "2413"]
[PlyCount "45"]
[EventDate "2024.02.06"]
[EventType "swiss (blitz)"]
[EventRounds "11"]
[EventCountry "USA"]
[SourceTitle "CB07_2024"]
[SourceDate "2024.02.14"]
[SourceVersion "1"]
[SourceVersionDate "2024.02.14"]
[SourceQuality "1"]

1. d4 Nf6 2. Bf4 e6 3. e3 c5 4. c3 Nc6 5. Nf3 Be7 6. Nbd2 Nh5 7. Bg3 Nxg3 8. hxg3 d5 9. Bd3 g6 10. Qe2 0-0 11. dxc5 Bxc5 12. e4 dxe4 13. Nxe4 Be7 14. 0-0-0 Qa5 15. Kb1 Rb8 16. Rh6 f6 17. Rdh1 Rf7 18. Qe3 Qc7 19. Rxg6+ hxg6 20. Qh6 Rg7 21. Qh8+ Kf7 22. Nd6+ Bxd6 23. Bxg6+ 1-0

[Event "Titled Tuesday intern op 16th Jan Early"]
[Site "Chess.com INT"]
[Date "2024.01.16"]
[Round "7"]
[White "Aldokhin, Ivan"]
[Black "Rustemov, Alexander"]
[Result "1/2-1/2"]
[WhiteElo "2413"]
[BlackElo "2525"]
[PlyCount "153"]
[EventDate "2024.01.16"]
[EventType "swiss (blitz)"]
[EventRounds "11"]
[EventCountry "USA"]
[SourceTitle "CB04_2024"]
[SourceDate "2023.10.16"]
[SourceVersion "1"]
[SourceVersionDate "2023.10.16"]
[SourceQuality "1"]

1. e4 e6 2. d4 d5 3. Nc3 dxe4 4. Nxe4 Bd7 5. Bd3 Bc6 6. Nf3 Nd7 7. Qe2 Ngf6 8. Ng3 Bxf3 9. Qxf3 c6 10. 0-0 Be7 11. Bf4 0-0 12. Rfd1 Qa5 13. Nf1 Qh5 14. Qg3 Qg4 15. c4 Qxg3 16. hxg3 Rfd8 17. Be2 Nf8 18. Bf3 Ng6 19. Be3 Rd7 20. Nd2 Rad8 21. Nb3 a6 22. Na5 Bb4 23. Nb3 Bd6 24. Kf1 Ne7 25. g4 h6 26. Ke2 Ng6 27. g3 Be7 28. a4 Ne8 29. a5 Nd6 30. Nc5 Nxc4 31. Nxd7 Rxd7 32. Rdc1 Nd6 33. Bxc6 bxc6 34. Rxc6 Ra7 35. d5 Ra8 36. dxe6 fxe6 37. Rd1 Nb5 38. Rxe6 Kf7 39. Rb6 Bf6 40. f4 Bxb2 41. Rd7+ Kg8 42. Rxg6 Bf6 43. f5 Re8 44. Kd3 Rc8 45. Bxh6 Rc3+ 46. Kd2 Rc7 47. Rxc7 Nxc7 48. Bf4 Nd5 49. g5 Bc3+ 50. Kd3 Bxa5 51. Rxa6 Nb4+ 52. Kc4 Nxa6 53. Kb5 Nc5 54. Kxc5 g6 55. g4 Kf7 56. Kd5 Bd8 57. Ke4 Be7 58. Be3 Bd8 59. Bf4 Be7 60. f6 Bd8 61. Kd5 Ba5 62. Ke4 Be1 63. Be3 Bb4 64. Kd5 Bc3 65. Kc6 Be1 66. Kd7 Bc3 67. Kd6 Be1 68. Kd5 Bc3 69. Ke4 Bb4 70. Kf3 Bc3 71. Bf4 Ke6 72. Ke4 Bb4 73. Be3 Ba5 74. Bd4 Bb4 75. Be3 Bc3 76. Bd4 Bb4 77. Be3 1/2-1/2

[Event "Titled Tuesday intern op 16th Jan Early"]
[Site "Chess.com INT"]
[Date "2024.01.16"]
[Round "2"]
[White "Aldokhin, Ivan"]
[Black "Salinas Herrera, Pablo Patricio"]
[Result "0-1"]
[WhiteElo "2413"]
[BlackElo "2477"]
[PlyCount "62"]
[EventDate "2024.01.16"]
[EventType "swiss (blitz)"]
[EventRounds "11"]
[EventCountry "USA"]
[SourceTitle "CB04_2024"]
[SourceDate "2023.10.16"]
[SourceVersion "1"]
[SourceVersionDate "2023.10.16"]
[SourceQuality "1"]

1. e4 c5 2. Nf3 d6 3. d4 cxd4 4. Nxd4 Nf6 5. Nc3 a6 6. Bc4 e6 7. Bb3 b5 8. 0-0 Qb6 9. Be3 Qb7 10. Re1 Be7 11. Bg5 0-0 12. Qf3 b4 13. Na4 Nbd7 14. Rad1 h6 15. Bh4 Ne5 16. Qe2 Bd7 17. f4 Ng6 18. Bg3 Rac8 19. f5 exf5 20. Nxf5 Bxf5 21. exf5 Ne5 22. Bxe5 dxe5 23. Qxe5 Rfe8 24. Kh1 Bf8 25. Qg3 Qb5 26. Qf3 Rcd8 27. h3 Rxd1 28. Rxd1 Ne4 29. Re1 Qe5 30. Rd1 Bd6 31. Rxd6 Qxd6 0-1

[Event "Titled Tuesday intern op 18th Jul Early"]
[Site "Chess.com INT"]
[Date "2023.07.18"]
[Round "3"]
[White "Aldokhin, Ivan"]
[Black "Dwilewicz, Katarzyna"]
[Result "1-0"]
[WhiteElo "2413"]
[BlackElo "2134"]
[PlyCount "57"]
[EventDate "2023.07.18"]
[EventType "swiss (blitz)"]
[EventRounds "11"]
[EventCountry "USA"]
[SourceTitle "EXT 2024"]
[Source "ChessBase"]
[SourceDate "2023.10.10"]
[SourceVersion "1"]
[SourceVersionDate "2023.10.10"]
[SourceQuality "1"]

1. e4 c5 2. Nf3 d6 3. d4 cxd4 4. Nxd4 Nf6 5. Nc3 a6 6. Bc4 Nbd7 7. 0-0 b5 8. Bd5 Nxd5 9. exd5 Nf6 10. Bg5 Bd7 11. a3 h6 12. Bxf6 gxf6 13. Qh5 Qc8 14. Qf3 Bg7 15. Rfe1 Ra7 16. Ne4 0-0 17. Ng3 e5 18. Ndf5 Kh7 19. Nxg7 Kxg7 20. Nh5+ Kg6 21. Qxf6+ Kxh5 22. Re4 Bg4 23. f3 Rg8 24. Rf1 Qc5+ 25. Kh1 Rg5 26. fxg4+ Rxg4 27. Qf5+ Rg5 28. Rh4+ Kxh4 29. Qh3# 1-0

[Event "Titled Tuesday intern op 18th Jul Early"]
[Site "Chess.com INT"]
[Date "2023.07.18"]
[Round "9"]
[White "Aldokhin, Ivan"]
[Black "Timofeev, Artyom"]
[Result "0-1"]
[WhiteElo "2413"]
[BlackElo "2567"]
[PlyCount "118"]
[EventDate "2023.07.18"]
[EventType "swiss (blitz)"]
[EventRounds "11"]
[EventCountry "USA"]
[SourceTitle "EXT 2024"]
[Source "ChessBase"]
[SourceDate "2023.10.10"]
[SourceVersion "1"]
[SourceVersionDate "2023.10.10"]
[SourceQuality "1"]

1. e4 d6 2. d4 Nf6 3. Nc3 g6 4. Bg5 h6 5. Bh4 Bg7 6. f4 c5 7. d5 0-0 8. Nf3 Bg4 9. h3 Bxf3 10. Qxf3 Nbd7 11. 0-0-0 a6 12. g4 b5 13. e5 dxe5 14. g5 hxg5 15. fxg5 Nh5 16. Ne4 c4 17. Bf2 Qa5 18. Kb1 Rac8 19. Be3 b4 20. h4 b3 21. cxb3 cxb3 22. axb3 Qb4 23. Bd2 Qb6 24. Bh3 Rcd8 25. Be3 Qxb3 26. Bxd7 Rxd7 27. Nc5 Qb5 28. Nxd7 Qxd7 29. Rh2 a5 30. Rc2 a4 31. Qe4 Rb8 32. Qc4 a3 33. Qc6 Qf5 34. Ka2 Qf3 35. Re1 axb2 36. Rxb2 Rxb2+ 37. Kxb2 e4+ 38. Kc1 Qg3 39. Re2 Nf4 40. Bxf4 Qxf4+ 41. Kc2 Qf3 42. Qc4 e3 43. Qd3 Bd4 44. Kb3 Qxd5+ 45. Qc4 Qb7+ 46. Kc2 e5 47. Kd3 Qb1+ 48. Qc2 Qh1 49. Qc8+ Kg7 50. Qc2 Qxh4 51. Qc6 Qxg5 52. Qd5 Qf5+ 53. Qe4 Qxe4+ 54. Kxe4 f5+ 55. Kd5 Kf6 56. Rg2 g5 57. Rh2 g4 58. Rg2 Kg5 59. Ke6 f4 0-1

[Event "Titled Tuesday intern op 04th Jul Late"]
[Site "Chess.com INT"]
[Date "2023.07.04"]
[Round "7"]
[White "Aldokhin, Ivan"]
[Black "Kostic, V Vladimir"]
[Result "1-0"]
[WhiteElo "2413"]
[BlackElo "2033"]
[PlyCount "79"]
[EventDate "2023.07.04"]
[EventType "swiss (blitz)"]
[EventRounds "11"]
[EventCountry "USA"]
[SourceTitle "EXT 2024"]
[Source "ChessBase"]
[SourceDate "2023.10.10"]
[SourceVersion "1"]
[SourceVersionDate "2023.10.10"]
[SourceQuality "1"]

1. e4 e5 2. Nf3 Nc6 3. Bb5 a6 4. Ba4 Nf6 5. 0-0 Be7 6. Re1 b5 7. Bb3 d6 8. c3 0-0 9. d4 Bg4 10. d5 Na5 11. Bc2 c6 12. h3 Bh5 13. dxc6 Qc7 14. Nbd2 Qxc6 15. Nf1 Nc4 16. Ng3 Bg6 17. Nh4 Rfd8 18. Nhf5 Bf8 19. Qf3 d5 20. h4 d4 21. h5 Bxf5 22. Nxf5 dxc3 23. bxc3 Rd7 24. g4 Rad8 25. Bg5 Nd2 26. Qg3 Ndxe4 27. Rxe4 Nxe4 28. Qf3 Qxc3 29. Qxe4 Qxa1+ 30. Kg2 g6 31. Bxd8 Rxd8 32. Bb3 Qb2 33. hxg6 hxg6 34. Ne7+ Kg7 35. Qf3 f6 36. Nc6 Rd6 37. g5 f5 38. Qe3 Rxc6 39. Qa7+ Kh8 40. Qf7 1-0

[Event "Titled Tuesday intern op 04th Jul Late"]
[Site "Chess.com INT"]
[Date "2023.07.04"]
[Round "6"]
[White "Zeltsan, Joseph"]
[Black "Aldokhin, Ivan"]
[Result "0-1"]
[WhiteElo "2427"]
[BlackElo "2413"]
[PlyCount "114"]
[EventDate "2023.07.04"]
[EventType "swiss (blitz)"]
[EventRounds "11"]
[EventCountry "USA"]
[SourceTitle "EXT 2024"]
[Source "ChessBase"]
[SourceDate "2023.10.10"]
[SourceVersion "1"]
[SourceVersionDate "2023.10.10"]
[SourceQuality "1"]

1. e4 c5 2. Nf3 e6 3. d4 cxd4 4. Nxd4 a6 5. c4 Qc7 6. Nc3 Nf6 7. a3 d6 8. Be3 b6 9. Be2 Bb7 10. f3 Be7 11. 0-0 Nbd7 12. Rc1 0-0 13. Kh1 Rac8 14. Qe1 Qb8 15. b4 Ne5 16. Na4 Nfd7 17. f4 Ng6 18. f5 exf5 19. Nxf5 Bxe4 20. Nxe7+ Nxe7 21. Qh4 Qb7 22. Qxe7 Bxg2+ 23. Kg1 Rce8 24. Qg5 Bxf1 25. Rxf1 Qe4 26. Rf3 Qc2 27. Rg3 g6 28. Bg4 Qxa4 29. Rh3 Re5 30. Qh4 h5 31. Bd4 Rfe8 32. Bxe5 Rxe5 33. Bxd7 Qxd7 34. Rf3 Qe6 35. Kg2 Re2+ 36. Rf2 Re4 37. Qd8+ Kg7 38. h3 Rxc4 39. Qxb6 Qe4+ 40. Kh2 Qe5+ 41. Kg2 Rc3 42. Qb7 Qg3+ 43. Kf1 Rc1+ 44. Ke2 Qe5+ 45. Kd2 Qc3+ 46. Ke2 Rc2+ 47. Kf1 Qd3+ 48. Kg1 Qd1+ 49. Rf1 Qd4+ 50. Kh1 Qc4 51. Qg2 Rc3 52. Qb2 Kg8 53. Rg1 Rc2 54. Qc1 Qc6+ 55. Rg2 Rxc1+ 56. Kh2 Qc4 57. Rxg6+ fxg6 0-1

[Event "Titled Tuesday intern op 27th Jun Late"]
[Site "Chess.com INT"]
[Date "2023.06.27"]
[Round "2"]
[White "Aldokhin, Ivan"]
[Black "Antipov, Mikhail Al"]
[Result "1-0"]
[WhiteElo "2413"]
[BlackElo "2583"]
[PlyCount "93"]
[EventDate "2023.06.27"]
[EventType "swiss (blitz)"]
[EventRounds "11"]
[EventCountry "USA"]
[SourceTitle "EXT 2024"]
[Source "ChessBase"]
[SourceDate "2023.10.10"]
[SourceVersion "1"]
[SourceVersionDate "2023.10.10"]
[SourceQuality "1"]

1. e4 c5 2. Nf3 d6 3. d4 cxd4 4. Nxd4 Nf6 5. Nc3 a6 6. Bc4 e6 7. Bb3 Nbd7 8. 0-0 Nc5 9. Qf3 Be7 10. Re1 0-0 11. Qg3 Qc7 12. Bh6 Ne8 13. Rad1 Kh8 14. Bg5 f6 15. Bc1 b5 16. a3 Bd7 17. f4 Qb7 18. f5 e5 19. Bd5 Qa7 20. Nce2 exd4 21. Nf4 Be6 22. Bxa8 Qxa8 23. fxe6 Nc7 24. Qh3 Kg8 25. Rxd4 Qc8 26. Nd5 Re8 27. Nxe7+ Rxe7 28. Rxd6 N7xe6 29. Red1 h6 30. Rd8+ Qxd8 31. Rxd8+ Nxd8 32. Qc8 Ncb7 33. Be3 Kf7 34. Bc5 Nxc5 35. Qxc5 Ne6 36. Qd6 Rc7 37. Qxa6 Rxc2 38. Qxb5 Kg6 39. Qf5+ Kf7 40. Qb5 Kg6 41. h4 Nd4 42. Qd3 Ne2+ 43. Kf2 Rxb2 44. Qxe2 Rb3 45. a4 Ra3 46. Qb5 h5 47. Qf5+ 1-0

[Event "Titled Tuesday intern op 27th Jun Early"]
[Site "Chess.com INT"]
[Date "2023.06.27"]
[Round "8"]
[White "Aldokhin, Ivan"]
[Black "Barbot, Pierre"]
[Result "1-0"]
[WhiteElo "2413"]
[BlackElo "2458"]
[PlyCount "111"]
[EventDate "2023.06.27"]
[EventType "swiss (blitz)"]
[EventRounds "11"]
[EventCountry "USA"]
[SourceTitle "EXT 2024"]
[Source "ChessBase"]
[SourceDate "2023.10.10"]
[SourceVersion "1"]
[SourceVersionDate "2023.10.10"]
[SourceQuality "1"]

1. e4 c6 2. Nf3 d5 3. Nc3 dxe4 4. Nxe4 Nf6 5. Nxf6+ exf6 6. d4 Bd6 7. Bc4 0-0 8. 0-0 Bc7 9. h3 Qd6 10. Re1 Bf5 11. Bd3 Bxd3 12. Qxd3 Nd7 13. c4 Rad8 14. Be3 Ne5 15. Qe2 Nxf3+ 16. Qxf3 Qh2+ 17. Kf1 Rfe8 18. b4 Rxd4 19. g4 Rde4 20. Rad1 h6 21. Rd7 Bf4 22. Bd2 Rxe1+ 23. Bxe1 Bg5 24. Rxb7 Qe5 25. Bc3 Qe6 26. Qd3 h5 27. gxh5 Qc8 28. Qd7 Qxd7 29. Rxd7 Re4 30. Rxa7 Rxc4 31. Be1 Rc1 32. Ke2 Rc2+ 33. Kd3 Rc1 34. Bc3 Rh1 35. a4 Rxh3+ 36. Kc4 Rf3 37. Bd4 Rf4 38. a5 Bh4 39. Rd7 Bxf2 40. a6 Bxd4 41. Rxd4 Rf1 42. a7 Rc1+ 43. Kb3 Ra1 44. Rd8+ Kh7 45. a8Q Rxa8 46. Rxa8 Kh6 47. Rh8+ Kg5 48. Kc4 f5 49. Rc8 f4 50. Kd3 Kg4 51. Rxc6 Kg3 52. Ke4 f3 53. Rc3 f5+ 54. Kxf5 Kg2 55. Rxf3 Kxf3 56. b5 1-0

[Event "Titled Tuesday intern op 27th Jun Late"]
[Site "Chess.com INT"]
[Date "2023.06.27"]
[Round "8"]
[White "Aldokhin, Ivan"]
[Black "Krzyzanowski, Marcin"]
[Result "0-1"]
[WhiteElo "2413"]
[BlackElo "2512"]
[PlyCount "76"]
[EventDate "2023.06.27"]
[EventType "swiss (blitz)"]
[EventRounds "11"]
[EventCountry "USA"]
[SourceTitle "EXT 2024"]
[Source "ChessBase"]
[SourceDate "2023.10.10"]
[SourceVersion "1"]
[SourceVersionDate "2023.10.10"]
[SourceQuality "1"]

1. e4 c5 2. Nf3 Nc6 3. d4 cxd4 4. Nxd4 e5 5. Nb5 d6 6. N1c3 a6 7. Na3 Be6 8. g3 Nf6 9. Bg2 Be7 10. 0-0 Rc8 11. Nd5 Bxd5 12. exd5 Nb8 13. c4 0-0 14. Be3 Nbd7 15. b4 a5 16. Qb3 axb4 17. Qxb4 Ng4 18. Bd2 Nc5 19. Bh3 f5 20. f3 Nh6 21. Be3 Bg5 22. Bxc5 Rxc5 23. Qxb7 Qa5 24. Qb3 Rfc8 25. Nb5 Rxc4 26. Kh1 Rb4 27. Nxd6 Rxb3 28. axb3 Qd8 29. Nxc8 Qxc8 30. f4 exf4 31. gxf4 Be7 32. Rfc1 Qd7 33. Ra8+ Kf7 34. Bg2 Ng4 35. Rac8 Qb5 36. R8c7 Qb6 37. R1c6 Nf2+ 38. Kg1 Nh3+ 0-1

[Event "Titled Tuesday intern op 27th Jun Late"]
[Site "Chess.com INT"]
[Date "2023.06.27"]
[Round "3"]
[White "Aldokhin, Ivan"]
[Black "Mikaelyan, Arman"]
[Result "0-1"]
[WhiteElo "2413"]
[BlackElo "2523"]
[PlyCount "52"]
[EventDate "2023.06.27"]
[EventType "swiss (blitz)"]
[EventRounds "11"]
[EventCountry "USA"]
[SourceTitle "EXT 2024"]
[Source "ChessBase"]
[SourceDate "2023.10.10"]
[SourceVersion "1"]
[SourceVersionDate "2023.10.10"]
[SourceQuality "1"]

1. e4 c5 2. Nf3 Nc6 3. d4 cxd4 4. Nxd4 g6 5. Nc3 Bg7 6. Be3 Nf6 7. Bc4 0-0 8. Bb3 Re8 9. 0-0 d6 10. h3 Na5 11. Re1 a6 12. Bg5 b5 13. Nd5 Bb7 14. Bxf6 exf6 15. c3 f5 16. f3 fxe4 17. fxe4 Nxb3 18. Nxb3 f5 19. Qd3 Qh4 20. Nc7 Rxe4 21. Rxe4 Bxe4 22. Qxd6 Rd8 23. Qe6+ Kh8 24. Nc5 Bxg2 25. Kxg2 Rd2+ 26. Kf1 Qf2# 0-1

[Event "Titled Tuesday intern op 27th Jun Late"]
[Site "Chess.com INT"]
[Date "2023.06.27"]
[Round "9"]
[White "Ibarra Jerez, Jose Carlos"]
[Black "Aldokhin, Ivan"]
[Result "1-0"]
[WhiteElo "2563"]
[BlackElo "2413"]
[PlyCount "67"]
[EventDate "2023.06.27"]
[EventType "swiss (blitz)"]
[EventRounds "11"]
[EventCountry "USA"]
[SourceTitle "EXT 2024"]
[Source "ChessBase"]
[SourceDate "2023.10.10"]
[SourceVersion "1"]
[SourceVersionDate "2023.10.10"]
[SourceQuality "1"]

1. e4 c5 2. Nf3 e6 3. d4 cxd4 4. Nxd4 a6 5. c4 Qc7 6. a3 Nf6 7. Nc3 d6 8. Be3 Be7 9. Be2 b6 10. 0-0 Bb7 11. f3 0-0 12. Rc1 Nbd7 13. b4 Rac8 14. Qd2 Qb8 15. Rc2 Bd8 16. Kh1 Bc7 17. Bg1 Rfe8 18. Na4 Kh8 19. Rb1 Rg8 20. c5 dxc5 21. bxc5 bxc5 22. Rcb2 Bf4 23. Qd1 cxd4 24. Rxb7 Qe5 25. Bxa6 Be3 26. R7b5 Rc5 27. Nxc5 Nxc5 28. Bxe3 dxe3 29. Qc1 Nfd7 30. Qxe3 Qd6 31. Bb7 Rb8 32. Bc6 Rxb5 33. Bxb5 Ne5 34. Rc1 1-0

[Event "Titled Tuesday intern op 27th Jun Late"]
[Site "Chess.com INT"]
[Date "2023.06.27"]
[Round "1"]
[White "Kohler, Aran"]
[Black "Aldokhin, Ivan"]
[Result "0-1"]
[WhiteElo "2010"]
[BlackElo "2413"]
[PlyCount "98"]
[EventDate "2023.06.27"]
[EventType "swiss (blitz)"]
[EventRounds "11"]
[EventCountry "USA"]
[SourceTitle "EXT 2024"]
[Source "ChessBase"]
[SourceDate "2023.10.10"]
[SourceVersion "1"]
[SourceVersionDate "2023.10.10"]
[SourceQuality "1"]

1. d4 Nf6 2. c3 c5 3. e3 cxd4 4. exd4 g6 5. Bd3 Bg7 6. Bg5 d6 7. h4 h6 8. Bxf6 Bxf6 9. h5 g5 10. Nd2 Nc6 11. Ne4 Bg7 12. Ng3 e6 13. Qe2 0-0 14. 0-0-0 d5 15. Nf3 f5 16. Ne5 Nxe5 17. dxe5 Bd7 18. Kb1 f4 19. Nf1 Qc7 20. Re1 b5 21. Nd2 b4 22. c4 Bc6 23. f3 Rfd8 24. Rc1 Qxe5 25. Qxe5 Bxe5 26. Rhe1 Bg7 27. Rxe6 Bd7 28. Rd6 dxc4 29. Bxc4+ Kf8 30. Ne4 Bf5 31. Rcd1 Ke7 32. Rxd8 Rxd8 33. Rxd8 Kxd8 34. Kc1 Ke7 35. Nf2 Bd7 36. b3 Be8 37. Nd3 Bc3 38. a3 bxa3 39. Kb1 a5 40. Ka2 Bb4 41. Ba6 Bxh5 42. Bc8 Bg6 43. Ne5 Bh7 44. Bg4 Bg8 45. Nc6+ Kd6 46. Nd4 Kc5 47. Nf5 a4 48. Nxh6 Bxb3+ 49. Kb1 Bc3 0-1

[Event "Titled Tuesday intern op 20th Jun Early"]
[Site "Chess.com INT"]
[Date "2023.06.20"]
[Round "6"]
[White "Aldokhin, Ivan"]
[Black "Pullela, Sricharan"]
[Result "1-0"]
[WhiteElo "2413"]
[BlackElo "1996"]
[PlyCount "65"]
[EventDate "2023.06.20"]
[EventType "swiss (blitz)"]
[EventRounds "11"]
[EventCountry "USA"]
[SourceTitle "EXT 2024"]
[Source "ChessBase"]
[SourceDate "2023.10.10"]
[SourceVersion "1"]
[SourceVersionDate "2023.10.10"]
[SourceQuality "1"]

1. e4 c5 2. Nf3 Nc6 3. d4 cxd4 4. Nxd4 Nf6 5. Nc3 e5 6. Ndb5 d6 7. Bg5 a6 8. Na3 b5 9. Nd5 Be7 10. Bxf6 Bxf6 11. c3 Bg5 12. Nc2 Ne7 13. a4 bxa4 14. Rxa4 Nxd5 15. Qxd5 Be6 16. Qd1 a5 17. Bb5+ Bd7 18. Na3 Bxb5 19. Nxb5 Ra6 20. 0-0 0-0 21. Qd5 Qb6 22. Rd1 h6 23. g3 Rc8 24. Rc4 Rd8 25. Rc7 Rf8 26. h4 Bd8 27. Rb7 Qc5 28. Nxd6 Qxd5 29. Rxd5 Bb6 30. Nc4 Bd8 31. Nxe5 f6 32. Ng6 Re8 33. Rb8 1-0

[Event "Titled Tuesday intern op 20th Jun Early"]
[Site "Chess.com INT"]
[Date "2023.06.20"]
[Round "8"]
[White "Santos Flores, Alberto Javier"]
[Black "Aldokhin, Ivan"]
[Result "0-1"]
[WhiteElo "2164"]
[BlackElo "2413"]
[PlyCount "62"]
[EventDate "2023.06.20"]
[EventType "swiss (blitz)"]
[EventRounds "11"]
[EventCountry "USA"]
[SourceTitle "EXT 2024"]
[Source "ChessBase"]
[SourceDate "2023.10.10"]
[SourceVersion "1"]
[SourceVersionDate "2023.10.10"]
[SourceQuality "1"]

1. e4 c5 2. Nf3 e6 3. g3 b6 4. Bg2 Bb7 5. Qe2 d6 6. 0-0 a6 7. c3 Nf6 8. d3 Be7 9. a3 0-0 10. b4 Nbd7 11. Nbd2 b5 12. d4 cxd4 13. cxd4 Rc8 14. Bb2 Rc2 15. Ra2 Bxe4 16. Rc1 Qc7 17. Raa1 Bd5 18. Qd3 Rc8 19. Ne1 Rxc1 20. Rxc1 Qb7 21. Rxc8+ Qxc8 22. Nef3 Nb6 23. h4 h6 24. Qe3 Na4 25. Ba1 Qc1+ 26. Qe1 Qxa3 27. Qb1 Nc3 28. Bxc3 Qxc3 29. Kf1 Bd8 30. Ke2 Bb6 31. Qd3 Qxb4 0-1